| 000 | 01044nam a22003137a 4500 | ||
|---|---|---|---|
| 003 | CHAP | ||
| 005 | 20220329143352.0 | ||
| 008 | 090105s2005 us r 00110 eng d | ||
| 010 | _a95612 | ||
| 011 | _a96584 | ||
| 020 | _a0821358170 | ||
| 035 | _a107238 | ||
| 040 | _cCHAP | ||
| 082 | 0 | 4 |
_a368.4098 _bG41 |
| 100 | 1 |
_aGill, Indermit S. _948008 |
|
| 245 | 1 | 0 |
_aKeeping the promise of social security in Latin America _c/by Indermit S. Gill, Truman Packard and Juan Yermo |
| 260 |
_aWashington, DC : _bStanford University ; The World Banck, _cc2005 |
||
| 300 |
_axxi, 341 p. : _bilus., gráfs. |
||
| 500 | _aIncluye bibliografía p. 293 | ||
| 500 | _aIncluye índice analítico | ||
| 590 |
_aBATCH-UPD _b10 _c20130110 _lUCH01 _h0518 |
||
| 590 |
_aCONVERSION _b10 _c20130109 _lUCH01 _h1353 |
||
| 650 | 0 | 4 |
_aSeguridad social. _9103676 |
| 700 | 1 |
_aPackard, Truman. _984620 |
|
| 700 | 1 |
_aYermo, Juan. _9123088 |
|
| 901 | _aBK | ||
| 942 | _cLIBRO | ||
| 949 |
_a368.4098 G41 _bBC _cLIBRO _d33724002069595 _eLIBRO _gI.c/e _h110299 _i107238 _sb _t$438.00 |
||
| 999 |
_c95612 _d95612 |
||